Burger's Medicinal Chemistry and Drug Discovery, Drug Discovery Vol-2 (Record no. 24845)

000 -LEADER
fixed length control field 00609nam a22001937a 4500
003 - CONTROL NUMBER IDENTIFIER
control field NUST
020 ## - INTERNATIONAL STANDARD BOOK NUMBER
International Standard Book Number 978-0471370284
038 ## - RECORD CONTENT LICENSOR
Staff Name Nusrat Nadeem
040 ## - CATALOGING SOURCE
Transcribing agency RCMS
082 ## - DEWEY DECIMAL CLASSIFICATION NUMBER
Classification number 615.19 ABR
245 ## - TITLE STATEMENT
Title Burger's Medicinal Chemistry and Drug Discovery, Drug Discovery Vol-2
Statement of responsibility, etc. Abraham Donald
250 ## - EDITION STATEMENT
Edition statement 6th,ed.
260 ## - PUBLICATION, DISTRIBUTION, ETC.
Place of publication, distribution, etc. New Jersey
Name of publisher, distributor, etc. John Wiley & Sons
Date of publication, distribution, etc. c2003
300 ## - PHYSICAL DESCRIPTION
Extent 1500,p
Other physical details ill:
Dimensions 25,cm.
538 ## - SYSTEM DETAILS NOTE
Display text Bioinformatics Lab (Photocopy Book)
651 ## - SUBJECT ADDED ENTRY--GEOGRAPHIC NAME
General subdivision Drug Discovery
9 (RLIN) 21404
856 ## - ELECTRONIC LOCATION AND ACCESS
Materials specified Table of contents only
Uniform Resource Identifier <a href="http://www.loc.gov/catdir/toc/ecip0716/2007017469.html">http://www.loc.gov/catdir/toc/ecip0716/2007017469.html</a>
942 ## - ADDED ENTRY ELEMENTS (KOHA)
Source of classification or shelving scheme
Koha item type Book
Holdings
Withdrawn status Lost status Damaged status Not for loan Permanent Location Current Location Shelving location Date acquired Total Checkouts Total Renewals Full call number Barcode Checked out Date last seen Date last checked out Price effective from Koha item type
        School of Interdisciplinary Engineering and Sciences (SINES) School of Interdisciplinary Engineering and Sciences (SINES) General Stacks 08/18/2016 1 1 615.19ABR RCMS002907 06/01/2023 02/01/2023 02/01/2023 08/18/2016 Book
© 2023 Central Library, National University of Sciences and Technology. All Rights Reserved.